Les dates de "règne" des souverains et présidents durant le XIXème - Statistiques

Statistiques générales
  • Ce quiz a été pris 37 fois
  • Le résultat moyen est 8 sur 16
Statistiques - réponses
Hint Réponse % Correct
Napoléon 1er (Cent Jours) 1815
96%
Napoléon 1er (Empire) 1804-1814
71%
Napoléon 1er (Consulat) 1799-1804
68%
Louis XVIII (2nd Restauration) 1815-1824
61%
Louis XVIII (1ere Restauration) 1814-1815
57%
Charles X 1824-1830
57%
Louis-Philippe Ier 1830-1848
57%
Louis-Napoléon Bonaparte 1848-1851
50%
Napoléon III 1852-1870
50%
Adolphe Thiers 1871-1873
39%
Patrice de Mac Mahon 1873-1879
39%
Felix Faure 1895-1899
39%
Emile Loubet 1899-1906
39%
Jules Grévy 1879-1887
36%
Sadi Carnot 1887-1894
36%
Jean Casimir-Perier 1894-1895
36%
Aucun quiz correspondant
Distribution des résultats
% des personnes avec chaque résultat
Percentile par nombre de réponses
Votre historique - résultats
Vous n’avez pas pris ce quiz